<?xml version="1.0" encoding="UTF-8"?><?xml-stylesheet type="text/xsl" href="static/style.xsl"?><OAI-PMH xmlns="http://www.openarchives.org/OAI/2.0/" xmlns:xsi="http://www.w3.org/2001/XMLSchema-instance" xsi:schemaLocation="http://www.openarchives.org/OAI/2.0/ http://www.openarchives.org/OAI/2.0/OAI-PMH.xsd"><responseDate>2026-04-18T00:28:48Z</responseDate><request verb="GetRecord" identifier="oai:www.recercat.cat:2072/398803" metadataPrefix="marc">https://recercat.cat/oai/request</request><GetRecord><record><header><identifier>oai:recercat.cat:2072/398803</identifier><datestamp>2026-03-30T01:37:36Z</datestamp><setSpec>com_2072_98</setSpec><setSpec>col_2072_378192</setSpec></header><metadata><record xmlns="http://www.loc.gov/MARC21/slim" xmlns:dcterms="http://purl.org/dc/terms/" xmlns:xsi="http://www.w3.org/2001/XMLSchema-instance" xmlns:doc="http://www.lyncode.com/xoai" xsi:schemaLocation="http://www.loc.gov/MARC21/slim http://www.loc.gov/standards/marcxml/schema/MARC21slim.xsd">
   <leader>00925njm 22002777a 4500</leader>
   <datafield ind2=" " ind1=" " tag="042">
      <subfield code="a">dc</subfield>
   </datafield>
   <datafield ind2=" " ind1=" " tag="720">
      <subfield code="a">González Germain, Gerard</subfield>
      <subfield code="e">author</subfield>
   </datafield>
   <datafield ind2=" " ind1=" " tag="260">
      <subfield code="c">2011</subfield>
   </datafield>
   <datafield ind2=" " ind1=" " tag="520">
      <subfield code="a">This paper analyses the presence of three Spanish fake inscriptions (CIL II 382*, 383* and 410*) belonging to the tradition of Cyriac of Ancona. In many manuscripts, a farewell sentence is incorporated at the end of CIL II 383*, and was fi nally included by Hübner as part of the text. We present evidence that the interpolation would have been comitted by Felice Feliciano through the Bern manuscript of Giovanni Marcanova.</subfield>
   </datafield>
   <datafield ind2=" " ind1=" " tag="520">
      <subfield code="a">Aquest article analitza la presència de tres inscripcions falses d'Hispània (CIL II 382*, 383* i 410*) pertanyents a la tradició de Ciriaco d'Ancona. Molts manuscrits afegeixen una clàusula de comiat al final de CIL II 383*, que fi nalment fou inclosa per Hübner com a part integrant del text. Presentem proves que aquesta interpolació hauria estat comesa per Felice Feliciano a través del manuscrit de Berna de Giovanni Marcanova.</subfield>
   </datafield>
   <datafield tag="653" ind2=" " ind1=" ">
      <subfield code="a">Cyriac of Ancona</subfield>
   </datafield>
   <datafield tag="653" ind2=" " ind1=" ">
      <subfield code="a">Felice Feliciano</subfield>
   </datafield>
   <datafield tag="653" ind2=" " ind1=" ">
      <subfield code="a">Epigraphic manuscripts</subfield>
   </datafield>
   <datafield tag="653" ind2=" " ind1=" ">
      <subfield code="a">Epigraphical fakes</subfield>
   </datafield>
   <datafield tag="653" ind2=" " ind1=" ">
      <subfield code="a">Ciriaco d'Ancona</subfield>
   </datafield>
   <datafield tag="653" ind2=" " ind1=" ">
      <subfield code="a">Manuscrits epigràfics</subfield>
   </datafield>
   <datafield tag="653" ind2=" " ind1=" ">
      <subfield code="a">Falsos epigràfics</subfield>
   </datafield>
   <datafield ind2="0" ind1="0" tag="245">
      <subfield code="a">The Epigraphical Legacy of Cyriac of Ancona : Felice Feliciano's Trace in a Fake Inscription from Tarragona (CIL II 383* = II2/14, 43*)</subfield>
   </datafield>
</record></metadata></record></GetRecord></OAI-PMH>